[Event "IBCA Wch U20 blind 5th"]
[Site "Uppsala"]
[Date "2009.06.23"]
[Round "6"]
[White "Martinez Colomar, Alejandro"]
[Black "Ganesh, Kisku"]
[Result "1-0"]
[WhiteElo "1560"]
[BlackElo "1602"]
[PlyCount "69"]
[EventDate "2009.06.20"]
[EventType "swiss"]
[EventRounds "7"]
[EventCountry "SWE"]
[SourceTitle "EXT 2010"]
[Source "ChessBase"]
[SourceDate "2010.11.25"]
[SourceVersion "1"]
[SourceVersionDate "2010.11.25"]
[SourceQuality "1"]

1. e4 c5 2. Nf3 d6 3. d4 cxd4 4. Nxd4 Nf6 5. Nc3 a6 6. Bd3 e6 7. 0-0 Be7 8. Be3 0-0 9. Qd2 Nbd7 10. Rad1 Qc7 11. f4 Nc5 12. Nf3 Nxd3 13. cxd3 b5 14. Rc1 Qd8 15. Nd4 Bb7 16. Nce2 Ng4 17. Nc6 Qd7 18. Nxe7+ Qxe7 19. Bb6 Rac8 20. h3 Nf6 21. Qa5 Nd7 22. Rc7 Rxc7 23. Bxc7 Rc8 24. Rc1 Nc5 25. Bb6 Nxd3 26. Rxc8+ Bxc8 27. Qc3 Nc5 28. b4 Qb7 29. bxc5 Qxe4 30. cxd6 Bb7 31. Qg3 Qxe2 32. Kh2 Bc8 33. f5 exf5 34. Be3 Qxa2 35. d7 1-0